书目信息 |
| 题名: |
科学技术百科全书 第十卷
|
|
| 作者: | 拉佩兹 编 | |
| 分册: | ||
| 出版信息: | 北京 科学出版社 1987.7 |
|
| 页数: | 642页 | |
| 开本: | 26cm | |
| 丛书名: | ||
| 单 册: | ||
| 中图分类: | N61 | |
| 科图分类: | ||
| 主题词: | 自然科学--名词术语 , 自然科学--词典 , 自然科学--百科全书 | |
| 电子资源: | ||
| ISBN: | ||
| 000 | 00632nam0 2200217 45 | |
| 001 | 0312221749 | |
| 005 | 20031222170920.5 | |
| 010 | @dCNY23.40 | |
| 100 | @a20031222d1987 km y0chiy0120 ea | |
| 101 | @achi | |
| 105 | @a z 000yy | |
| 200 | 1 | @a科学技术百科全书 第十卷@AKe Xue Ji Shu Bai Ke Quan Shu Di Shi Juan@f拉佩兹编@FLa Pei Zi Bian@e气象学.海洋学 |
| 210 | @a北京@c科学出版社@d1987.7 | |
| 215 | @a642页@d26cm | |
| 606 | 0 | @a自然科学@x名词术语 |
| 606 | 0 | @a自然科学@x词典 |
| 606 | 0 | @a自然科学@x百科全书 |
| 690 | @aN61@v3 | |
| 701 | 0 | @a拉佩兹@4编 |
| 801 | @aCN@bTSTCL@c20031222 | |
| 905 | @a213230@dN61@e1:10@b213539@f1 | |
| 科学技术百科全书 第十卷/拉佩兹编:气象学.海洋学.-北京:科学出版社,1987.7 |
| 642页;26cm |
| ISBN :CNY23.40 |
| ● |
| 相关链接 |
|
|
|
|
正题名:科学技术百科全书 第十卷
索取号:N61/1:10
 
预约/预借
| 序号 | 登录号 | 条形码 | 馆藏地/架位号 | 状态 | 备注 |
| 1 | 0213539 | 000553083 | 第二样本阅览室/ [索取号:N61/1:10] | 在馆 |